1987 Virginia crop irrigation water use. (Record no. 14980)

000 -LEADER
fixed length control field 00560nam a2200169 a 4500
040 ## - CATALOGING SOURCE
Transcribing agency ViBlbV
082 ## - DEWEY DECIMAL CLASSIFICATION NUMBER
Classification number 631 VIR 1989 A054 Or.
245 00 - TITLE STATEMENT
Title 1987 Virginia crop irrigation water use.
260 ## - PUBLICATION, DISTRIBUTION, ETC. (IMPRINT)
Place of publication [Richmond?] :
Name of publisher Virginia State Water Control Board,
Year of publication 1989.
300 ## - PHYSICAL DESCRIPTION
Number of Pages 1 v. (various pagings) :
Other physical details ill., maps ;
Dimensions 28 cm.
490 1# - SERIES STATEMENT
Series statement Basic data bulletin / Virginia State Water Control Board ;
500 ## - GENERAL NOTE
General note Cover title: Virginia crop irrigation water use report for 1987.
650 #0 - SUBJECT ADDED ENTRY--TOPICAL TERM
Topical Term Irrigation
650 #0 - SUBJECT ADDED ENTRY--TOPICAL TERM
Topical Term Crops
710 1# - ADDED ENTRY--CORPORATE NAME
Corporate name or jurisdiction name as entry element Virginia.
942 ## - ADDED ENTRY ELEMENTS (KOHA)
Koha item type សៀវភៅភាសាអង់គ្លេស
952 ## - LOCATION AND ITEM INFORMATION (KOHA)
Withdrawn status [LOCAL, KOHA] 0
Holdings
Permanent Location Date acquired Koha item type Lost status Shelving location Barcode Current Location Full call number
Library Block A2017-11-01សៀវភៅភាសាអង់គ្លេស A054A06377Library Block A631 VIR 1989 A054 Or.
មជ្ឈមណ្ឌលឯការនៃសាកលវិទ្យាល័យភូមិន្ទកសិកម្មចំការដូង

Powered by Koha